Cycling: Cavendish 35 Tour de France Stages - Statistics

General Stats
  • This quiz has been taken 14 times
  • The average score is 8 of 35
Answer Stats
Year Team Answer % Correct
2009 Team Columbia - HTC Paris
86%
2010 Team HTC - Columbia Paris
86%
2011 HTC - High Road Paris
86%
2012 Sky Procycling Paris
86%
2013 Omega Pharma - Quick-Step Marseille
64%
2010 Team HTC - Columbia Bordeaux
57%
2008 Team Columbia Toulouse
57%
2008 Team Columbia Châteauroux
50%
2011 HTC - High Road Châteauroux
50%
2021 Deceuninck - Quick Step Châteauroux
50%
2021 Deceuninck - Quick Step Carcassonne
29%
2008 Team Columbia Nîmes
21%
2024 Astana Qazaqstan Team Saint-Vulbas
21%
2016 Team Dimension Data Angers
14%
2011 HTC - High Road Montpellier
14%
2021 Deceuninck - Quick Step Valence
14%
2011 HTC - High Road Cap Fréhel
7%
2015 Etixx - Quick Step Fougères
7%
2021 Deceuninck - Quick Step Fougères
7%
2009 Team Columbia - HTC Issoudun
7%
2008 Team Columbia Narbonne
7%
2013 Omega Pharma - Quick-Step Saint-Amand-Montrond
7%
2016 Team Dimension Data Utah Beach
7%
2009 Team Columbia - HTC Aubenas
0%
2010 Team HTC - Columbia Bourg-lès-Valence
0%
2009 Team Columbia - HTC Brignoles
0%
2012 Sky Procycling Brive-la-Gaillarde
0%
2010 Team HTC - Columbia Gueugnon
0%
2009 Team Columbia - HTC La Grande-Motte
0%
2011 HTC - High Road Lavaur
0%
2010 Team HTC - Columbia Montargis
0%
2016 Team Dimension Data Montauban
0%
2009 Team Columbia - HTC Saint-Fargeau
0%
2012 Sky Procycling Tournai
0%
2016 Team Dimension Data Villars-les-Dombes
0%
No matching quizzes found
Score Distribution
Percent of People with Each Score
Percentile by Number Answered
Your Score History
You have not taken this quiz